00670nam a2200181 i 4500001000700000003000900007007000300016008004100019245011600060250001200176260004900188300003100237490006600268650003100334700002500365830006600390852003200456133791ES-MaACLt|070829s1986 gw ||||1| eng d00aWorld guide to libraries b: = Internationales Bibliotheks-Handbuch / ceditorial director, Helga Lengenfelder. a7th ed. aMùˆnchen ; New York : bK. G. Saur, c1986. aXXXIII, 1203 p. ; c30 cm.1 aHandbook of international documentation and information ; v814aBibliotecas-vDirectorios.1 aLengenfelder, Helga.0 aHandbook of international documentation and information ; v8 aES-MaACLjL-9761 bR.112295